MARC details
| 000 -LEADER |
| fixed length control field |
01807cam a2200493 a 4500 |
| 001 - CONTROL NUMBER |
| control field |
21406 |
| 003 - CONTROL NUMBER IDENTIFIER |
| control field |
VRT |
| 005 - DATE AND TIME OF LATEST TRANSACTION |
| control field |
20260228144421.0 |
| 008 - FIXED-LENGTH DATA ELEMENTS--GENERAL INFORMATION |
| fixed length control field |
240314s2010 xr a b 000 j slo |
| 015 ## - NATIONAL BIBLIOGRAPHY NUMBER |
| National bibliography number |
SNBZSA2015 |
| 020 ## - INTERNATIONAL STANDARD BOOK NUMBER |
| International Standard Book Number |
9788000027265 |
| Qualifying information |
(viaz.) |
| 035 ## - SYSTEM CONTROL NUMBER |
| System control number |
E5324934-B7DC-46B3-9C61-FD8AB0C561BA |
| 035 ## - SYSTEM CONTROL NUMBER |
| System control number |
urn:nbn:sk:snk-aml0mf |
| 035 ## - SYSTEM CONTROL NUMBER |
| System control number |
urn:nbn:sk:snk-am008nr6 |
| 039 #9 - LEVEL OF BIBLIOGRAPHIC CONTROL AND CODING DETAIL [OBSOLETE] |
| Level of rules in bibliographic description |
202405151220 |
| Level of effort used to assign nonsubject heading access points |
AUTHORITY |
| Level of effort used to assign subject headings |
202403141042 |
| Level of effort used to assign classification |
VLOAD |
| Level of effort used to assign subject headings |
201808010856 |
| Level of effort used to assign classification |
VLOAD |
| Level of effort used to assign subject headings |
201703281443 |
| Level of effort used to assign classification |
mvthk03 |
| 040 ## - CATALOGING SOURCE |
| Original cataloging agency |
HEVK |
| Language of cataloging |
slo |
| Transcribing agency |
HEVK |
| Modifying agency |
SNK |
| Description conventions |
AACR2 |
| 041 1# - LANGUAGE CODE |
| Language code of text/sound track or separate title |
slo |
| Language code of original |
cze |
| 044 ## - COUNTRY OF PUBLISHING/PRODUCING ENTITY CODE |
| MARC country code |
xr |
| ISO country code |
CZ |
| 072 #7 - SUBJECT CATEGORY CODE |
| Subject category code |
821.162.3 |
| Subject category code subdivision |
Česká literatúra |
| Source |
konspekt |
| 072 #7 - SUBJECT CATEGORY CODE |
| Subject category code |
821-93 |
| Subject category code subdivision |
Literatúra pre deti a mládež (beletria) |
| Source |
konspekt |
| 080 ## - UNIVERSAL DECIMAL CLASSIFICATION NUMBER |
| Universal Decimal Classification number |
821.162.3-32 |
| Edition identifier |
2001 |
| 080 ## - UNIVERSAL DECIMAL CLASSIFICATION NUMBER |
| Universal Decimal Classification number |
821-93 |
| Edition identifier |
2001 |
| 080 ## - UNIVERSAL DECIMAL CLASSIFICATION NUMBER |
| Universal Decimal Classification number |
(0.053.2) |
| Edition identifier |
2001 |
| 100 1# - MAIN ENTRY--PERSONAL NAME |
| Personal name |
Drijverová, Martina, |
| Dates associated with a name |
1951-2022 |
| Relationship |
aut |
| 240 10 - UNIFORM TITLE |
| Uniform title |
Sísa Kyselá |
| Language of a work |
Slovensky |
| 245 10 - TITLE STATEMENT |
| Title |
Sisa Kyslá |
| Statement of responsibility, etc. |
Martina Drijverová ; ilustroval Adolf Born ; [z českého originálu ... preložila Miroslava Vorobjevová] |
| 250 ## - EDITION STATEMENT |
| Edition statement |
1. slov. vyd. |
| 260 ## - PUBLICATION, DISTRIBUTION, ETC. |
| Place of publication, distribution, etc. |
V Prahe |
| Name of publisher, distributor, etc. |
Albatros |
| Date of publication, distribution, etc. |
2010 |
| 300 ## - PHYSICAL DESCRIPTION |
| Extent |
59 s. |
| Other physical details |
fareb. ilustr. |
| Dimensions |
21 cm |
| 490 1# - SERIES STATEMENT |
| Series statement |
Už si čítame sami |
| 521 ## - TARGET AUDIENCE NOTE |
| Target audience note |
Pre začínajúcich čitateľov |
| 655 #7 - INDEX TERM--GENRE/FORM |
| Genre/form data or focus term |
české príbehy |
| Source of term |
SNKPH |
| 655 #7 - INDEX TERM--GENRE/FORM |
| Genre/form data or focus term |
Czech stories |
| Source of term |
SNKPHeng |
| 655 #7 - INDEX TERM--GENRE/FORM |
| Genre/form data or focus term |
publikácie pre deti |
| Source of term |
SNKPH |
| 655 #7 - INDEX TERM--GENRE/FORM |
| Genre/form data or focus term |
Children's literature |
| Source of term |
SNKPHeng |
| 700 1# - ADDED ENTRY--PERSONAL NAME |
| Personal name |
Born, Adolf, |
| Dates associated with a name |
1930-2016 |
| Relationship |
ill |
| 700 1# - ADDED ENTRY--PERSONAL NAME |
| Personal name |
Vorobjevová, Miroslava |
| Relationship |
trl |
| 752 ## - ADDED ENTRY--HIERARCHICAL PLACE NAME |
| Country or larger entity |
Česko |
| City |
Praha |
| 830 #0 - SERIES ADDED ENTRY--UNIFORM TITLE |
| Uniform title |
Už si čítame sami |
| 910 ## - USER-OPTION DATA (OCLC) |
| User-option data |
vthk |
| 942 ## - ADDED ENTRY ELEMENTS (KOHA) |
| Source of classification or shelving scheme |
Dewey Decimal Classification |
| Koha item type |
Krásna literatúra pre deti |
| Suppress in OPAC |
No |
| 949 ## - LOCAL PROCESSING INFORMATION (OCLC) |
| 6 |
17A1168212 |
| a |
snkSC 165527 |
| b |
snk2015/21623 |
| o |
Vydavatelství a nakladatelství Aleš Čeněk42-ah/43Int. č. fa – 34/2015 |
| s |
6100:20151029 |